[Event "Dortmund op-A"]
[Site "Dortmund"]
[Date "1992.??.??"]
[Round "8"]
[White "Galdunts, Sergey"]
[Black "Knaak, Rainer"]
[Result "0-1"]
[WhiteElo "2465"]
[BlackElo "2505"]
[Annotator "Knaak,R"]
[PlyCount "76"]
[EventDate "1992.04.??"]
[EventType "swiss"]
[EventRounds "11"]
[EventCountry "GER"]
[SourceTitle "CBM 029"]
[Source "ChessBase"]
[SourceDate "1992.08.01"]
[SourceVersion "1"]
[SourceVersionDate "1992.08.01"]
[SourceQuality "1"]

1. e4 e6 2. d4 d5 3. e5 c5 4. c3 Nc6 5. Nf3 Bd7 6. Be2 Nge7 7. Na3 cxd4 8. cxd4
Nf5 9. Nc2 Rc8 $5 (9... Nb4) 10. O-O Qb6 11. Qd3 $6 (11. Bd3 Nb4 (11... Nfxd4
$2 12. Nfxd4 Nxd4 13. Be3 Bc5 14. b4 $18) 12. Bxf5 exf5 13. Nxb4 Bxb4 $10 {
Kindermann}) 11... a6 $1 $15 12. g4 Nfe7 13. Nfe1 (13. a4 $6 Na5 14. b4 Nc4 15.
Qb3 Nc6 16. Rb1 Be7 17. Rd1 O-O 18. Be3 Qd8 19. h3 b5 $17 {
Janovskij-Kindermann/Biel op/1991/i52/252}) 13... Ng6 14. f4 $2 (14. Qe3 Be7
15. f4 f6 $1) 14... Nxd4 $1 $19 15. Nxd4 Bb5 16. Qb3 Qxd4+ 17. Be3 Qxe3+ 18.
Qxe3 Bc5 19. Bxb5+ axb5 20. Qxc5 Rxc5 21. Nd3 Rc4 22. f5 Rxg4+ 23. Kh1 exf5 24.
Rxf5 O-O 25. Raf1 b6 26. a3 Re4 27. Rc1 Re3 28. Nb4 Ne7 29. Rg5 h6 30. Rh5 Kh7
31. Rc7 Kg6 32. Rh4 Rxe5 33. Nd3 Re3 34. Rd4 Kh7 35. Rb7 Rc8 36. Nb4 Re2 37.
Rd1 Rc4 38. Rg1 Rd4 0-1

[Event "Hoogovens"]
[Site "Wijk aan Zee"]
[Date "1992.01.??"]
[Round "3"]
[White "Sax, Gyula"]
[Black "Romero Holmes, Alfonso"]
[Result "1/2-1/2"]
[WhiteElo "2600"]
[BlackElo "2490"]
[Annotator "Knaak,R"]
[PlyCount "30"]
[EventDate "1992.01.??"]
[EventType "tourn"]
[EventRounds "13"]
[EventCountry "NED"]
[EventCategory "14"]
[SourceTitle "CBM 028"]
[Source "ChessBase"]
[SourceDate "1992.06.01"]
[SourceVersion "1"]
[SourceVersionDate "1992.06.01"]
[SourceQuality "1"]

1. e4 e6 2. d4 d5 3. e5 c5 4. c3 Nc6 5. Nf3 Qb6 6. a3 Nh6 7. b4 cxd4 8. cxd4
Nf5 9. Be3 $10 f6 $1 10. b5 Nxe5 $1 11. dxe5 Nxe3 12. fxe3 Qxe3+ 13. Qe2 Qc1+
14. Qd1 {1/4:1/4 Romanishin-Lputian/Erevan/1988} (14. Kf2 Bc5+ 15. Kg3 fxe5 16.
Qxe5 O-O $17) 14... Qe3+ 15. Qe2 Qc1+ 1/2-1/2

[Event "Dos Hermanas"]
[Site "Dos Hermanas"]
[Date "1992.??.??"]
[Round "7"]
[White "Campora, Daniel Hugo"]
[Black "Hodgson, Julian M"]
[Result "0-1"]
[WhiteElo "2550"]
[BlackElo "2545"]
[Annotator "Knaak,R"]
[PlyCount "102"]
[EventDate "1992.05.??"]
[EventType "tourn"]
[EventRounds "9"]
[EventCountry "ESP"]
[EventCategory "10"]
[SourceTitle "CBM 031"]
[Source "ChessBase"]
[SourceDate "1992.12.01"]
[SourceVersion "1"]
[SourceVersionDate "1992.12.01"]
[SourceQuality "1"]

1. e4 e6 2. d4 d5 3. e5 c5 4. c3 Qb6 5. Nf3 Bd7 6. Be2 cxd4 (6... Bb5 7. c4 $1)
7. cxd4 Bb5 8. O-O Bxe2 9. Qxe2 Qa6 10. Qxa6 $6 (10. Qd1 $10) 10... Nxa6 $15
11. a3 Ne7 12. Nc3 Nc6 13. b4 Nc7 14. Bd2 $6 (14. Be3 {/\ Nd2-b3-c5}) 14... a6
15. Rfc1 Be7 16. Kf1 O-O 17. Ke2 f6 18. Be3 Nb5 $1 19. exf6 (19. Nxb5 axb5 {
>< Pa3}) 19... gxf6 20. Kf1 Kf7 21. Na4 a5 22. Nc5 axb4 23. axb4 Rxa1 (23...
Nd6 $6 24. Rxa8 Rxa8 25. Nxb7 $1 $10) 24. Rxa1 Nd6 $17 25. Nd3 Rc8 26. g4 b5 $6
(26... Nb5 $1 27. Nc5 b6 28. Nd3 Nxb4 29. Nxb4 Bxb4 30. Rb1 Rc4 31. Nd2 (31.
Bd2 Nxd4 $1 32. Bxb4 Nxf3 $19) 31... Bxd2 32. Rxb5 Ba5 $17) 27. g5 Nc4 28. gxf6
Bxf6 29. Ra6 $1 $132 {>< Pe6, Nc6} Kg6 30. Nde5+ Bxe5 31. dxe5 h6 (31... Kf5 $4
32. Rxc6 Rxc6 33. Nd4+ $18) 32. Bc5 Kf7 33. Nd4 Nxd4 34. Bxd4 Nd2+ 35. Ke2 Nb3
36. Be3 d4 $5 (36... h5 37. Kd3 (37. Ra3 Rc3 38. Ke1 d4 $1 $17 39. Bxd4 $2 Rc1+
40. Ke2 Nxd4+ $19) 37... d4 (37... Rc4 $2 38. Ra3 Rxb4 39. Kc3 $18) 38. Bxd4
Nxd4 39. Kxd4 Rc4+ 40. Kd3 Rxb4 $10) 37. Bxh6 Rc2+ 38. Kf3 Rc4 39. h4 d3 40. h5
d2 41. Ra7+ (41. Ke2 Rd4 (41... Re4+ 42. Be3 Rxe5 43. h6 $10) 42. Kd1 Rh4 43.
Ke2 $10) 41... Kg8 42. Ra8+ $4 (42. Ke2 $10) 42... Kh7 43. Bxd2 Nxd2+ 44. Ke3
Ne4 45. Re8 Ng5 46. f3 Rxb4 47. Rb8 Kg7 48. Kf2 Rf4 49. Rxb5 Rxf3+ 50. Ke2 Kh6
51. Rb6 Rf5 0-1

[Event "Dortmund op-A"]
[Site "Dortmund"]
[Date "1992.??.??"]
[Round "2"]
[White "Moutousis, Konstantinos"]
[Black "Razuvaev, Yuri S"]
[Result "0-1"]
[WhiteElo "2405"]
[BlackElo "2575"]
[Annotator "Knaak,R"]
[PlyCount "66"]
[EventDate "1992.04.??"]
[EventType "swiss"]
[EventRounds "11"]
[EventCountry "GER"]
[SourceTitle "CBM 029"]
[Source "ChessBase"]
[SourceDate "1992.08.01"]
[SourceVersion "1"]
[SourceVersionDate "1992.08.01"]
[SourceQuality "1"]

1. e4 c5 2. Nf3 e6 3. c3 d5 4. e5 Nc6 5. d4 Bd7 6. a3 f6 7. Be2 cxd4 8. cxd4
Nh6 9. O-O Nf7 $15 10. Nc3 Be7 11. Bf4 O-O 12. b4 Rc8 13. Rc1 fxe5 14. dxe5 a6
15. Bg3 Nh6 16. Na4 Nf5 17. Nc5 $6 Bxc5 18. Rxc5 a5 $1 19. Qd2 (19. b5 Nxe5 $1
$17) 19... axb4 20. axb4 Qb6 $17 {<-> b4, g3} 21. Rcc1 Ncd4 (21... Nxb4 $4 22.
Rb1 $18) (21... Qxb4 $2 22. Qxb4 Nxb4 23. Rb1 {<-> b7}) 22. Nxd4 Qxd4 23. Qxd4
Nxd4 24. Bd3 Bb5 25. Bxb5 Nxb5 26. f3 Nc3 27. Kf2 Rc4 28. Ke3 Ra8 29. Be1 Nb5
30. Rd1 Ra3+ 31. Kf2 Ra2+ 32. Kg3 Nd4 33. h3 (33. Rd2 Ra1 $19) 33... Nf5+ 0-1

[Event "Donner Memorial"]
[Site "Amsterdam"]
[Date "1996.08.20"]
[Round "4"]
[White "Hodgson, Julian M"]
[Black "Morozevich, Alexander"]
[Result "1-0"]
[WhiteElo "2550"]
[BlackElo "2610"]
[Annotator "Knaak,R"]
[PlyCount "105"]
[EventDate "1996.08.17"]
[EventType "tourn"]
[EventRounds "11"]
[EventCountry "NED"]
[EventCategory "16"]
[SourceTitle "CBM 055"]
[Source "ChessBase"]
[SourceDate "1996.12.01"]
[SourceVersion "1"]
[SourceVersionDate "1996.12.01"]
[SourceQuality "1"]

1. d4 e6 2. e4 d5 3. e5 c5 4. Nf3 Nc6 5. Bd3 cxd4 6. O-O Bd7 7. Re1 h6 {
A thoughtless move. Black has to play f7-f6 one day but then there is a hole
on g6.} 8. a3 Bc5 9. Nbd2 Nge7 10. b4 $1 Bb6 11. Nb3 a6 12. Bb2 O-O 13. Qd2 $6
(13. Nbxd4 Nxd4 14. Nxd4 $14) 13... f6 {After Black has made all his standard
moves he uses his last chance to play f6.} 14. exf6 Rxf6 15. Nbxd4 Nxd4 16.
Nxd4 (16. Bxd4 $2 Rxf3 17. Bxb6 Rxd3 18. Bxd8 Rxd2 19. Bxe7 Rxc2 $17) 16... Nc6
17. Bf1 (17. Nf3 {immediatly? May be} Rxf3 $5 18. gxf3 Qh4 {(/\ 19...Bc7) is
very dangerous for White.} 19. Bf1 Rf8 20. Bg2 Rf5 $40) 17... Rf7 $2 (17... e5
$1 18. Nf3 Bg4 19. Bxe5 Nxe5 20. Rxe5 Bxf3 21. gxf3 $10 {I'm not sure which
side can try for more.}) 18. c4 $1 $16 dxc4 19. Nf3 $1 (19. Bxc4 $4 Nxd4 20.
Bxd4 Bb5 $17) 19... Qe7 20. Bxc4 {[%csl Re6,Rg6][%cal Rb2h7] Black has to many
weaknesses now, White can easy defend f2.} Raf8 21. Rad1 Bc8 22. Bd5 Rd8 23.
Qc2 exd5 $6 (23... Rd6 24. Be4 Rxd1 25. Rxd1 Bd7 $16) 24. Rxe7 Rxe7 25. b5 axb5
26. Qb3 Rf7 $6 (26... Re2 $6 27. Rxd5 Rxd5 28. Qxd5+ Kf8 29. Qxb5 Bxf2+ 30. Kf1
Rc2 31. Bxg7+ Kxg7 32. Qd3 Ra2 33. Qb3 Ra1+ 34. Kxf2 $18) (26... Be6 27. Qxb5
Ba7 {+/-/+-}) 27. Qxb5 Ba7 28. Rxd5 Re8 29. Rd1 Re6 30. Qc4 Rg6 31. Kh1 Be6 32.
Qe2 Bc5 33. Nh4 (33. Qc2 $1 {[%cal Rc2c5,Rc2g6]}) 33... Rxf2 34. Qxf2 Bxf2 35.
Nxg6 Bc5 36. Nf4 Bg4 37. Rd5 b6 38. h3 Bc8 39. Nh5 g6 40. Nf6+ Kf7 41. Ne4 Ke6
42. Rd1 Be7 43. Re1 h5 44. a4 Kf7 45. Bf6 Bb4 46. Bc3 Be7 47. Rd1 Be6 48. Nd6+
Kg8 49. Re1 Bb3 50. Nc8 Bc5 51. Nxb6 Bxb6 52. Rb1 Bxa4 53. Rxb6 1-0

[Event "Linares 13th"]
[Site "Linares"]
[Date "1995.03.13"]
[Round "10"]
[White "Illescas Cordoba, Miguel"]
[Black "Short, Nigel D"]
[Result "1-0"]
[WhiteElo "2595"]
[BlackElo "2655"]
[Annotator "Knaak,R"]
[PlyCount "79"]
[EventDate "1995.03.01"]
[EventType "tourn"]
[EventRounds "13"]
[EventCountry "ESP"]
[EventCategory "17"]
[SourceTitle "CBM 046"]
[Source "ChessBase"]
[SourceDate "1995.06.01"]
[SourceVersion "1"]
[SourceVersionDate "1995.06.01"]
[SourceQuality "1"]

1. e4 e6 2. d4 d5 3. e5 c5 4. c3 Nc6 5. Nf3 Bd7 6. Be2 f5 $6 $14 {Schwarz legt
sich zu früh fest und kann nun nicht mehr mit f6 die Kette e5-d4-c3 angreifen.}
7. O-O cxd4 8. cxd4 Nge7 9. b3 Nc8 10. Ba3 {In Französisch sieht man dieses
Abtauschmanöver sonst nur von Schwarz.} Bxa3 11. Nxa3 O-O 12. Qd2 Qe7 13. Nc2
Be8 14. b4 a5 15. b5 Nd8 {Hier steht der N schlecht, aber die anderen Felder
sind nicht besser.} (15... N6a7 $2 16. Qxa5 $18) (15... Nb4 $2 16. Nce1 $18 {
/\ 17.a3}) (15... Nb8 16. Rfc1 Nd7 {aber nur ein N kann auf das gute Feld b6.})
16. Rfc1 Bh5 17. Nce1 g5 $2 {Ohne Chance auf Initiative oder gar Angriff am
Königsflügel schwächt Schwarz nur seine Position.} (17... Nb6 18. Rc3 Nf7 19.
Rac1 Rfd8 {und Schwarz kann sich zunächst verteidigen. Nach dem unumgänglichen
Tausch des Bh5 gegen den Nf3 wird Weiß vielleicht sogar - nach entsprechender
Vorbereitung - mit g2-g4 die schwarze Festung angreifen müssen, um den
weißfeldrigen Läufer zum Leben zu erwecken.}) 18. h3 $16 Qg7 19. Rc3 Bxf3 20.
Nxf3 h6 21. Rac1 Nb6 22. Nh2 $1 {/\ Nf1-g3-h5-f6} Kh8 23. Nf1 a4 24. a3 Rf7 (
24... f4 25. Nh2 {/\ Ng4-f6}) 25. Ng3 Qf8 26. Nh5 Re7 27. Nf6 Nd7 28. Nh5 Nb6
29. Rc7 Nc4 (29... Rxc7 30. Rxc7 Rc8 31. Rxc8 Nxc8 32. Qc2 Nb6 33. Qc7 $18) 30.
Rxe7 $1 (30. Qb4 Nc6 $1 31. Rxc6 (31. bxc6 Rxc7 32. cxb7 Rb8 $13) 31... bxc6
32. Bxc4 dxc4 33. bxc6) 30... Qxe7 (30... Nxd2 31. Rcc7 Ne4 32. f3 $18) 31.
Bxc4 dxc4 32. Rxc4 Qxa3 33. Rc7 Qf8 34. Qa2 {>< h7, e6} a3 35. Nf6 Nf7 36. Qxe6
a2 37. Qxf7 a1=Q+ 38. Kh2 Qxf7 39. Rxf7 b6 40. Rh7# 1-0

[Event "Interpolis"]
[Site "Tilburg"]
[Date "1992.10.10"]
[Round "1.6"]
[White "Dolmatov, Sergey"]
[Black "Hertneck, Gerald"]
[Result "0-1"]
[WhiteElo "2610"]
[BlackElo "2560"]
[Annotator "Knaak,R"]
[PlyCount "54"]
[EventDate "1992.10.08"]
[EventType "k.o."]
[EventRounds "7"]
[EventCountry "NED"]
[SourceTitle "CBM 032"]
[Source "ChessBase"]
[SourceDate "1993.02.01"]
[SourceVersion "1"]
[SourceVersionDate "1993.02.01"]
[SourceQuality "1"]

{Barrage 15'} 1. e4 e6 2. d4 d5 3. e5 c5 4. c3 Nc6 5. Nf3 Bd7 6. Be2 Nge7 7.
Na3 cxd4 8. cxd4 Nf5 9. Nc2 h5 $5 $146 {Die Idee war zu sehen in
Romero-Kortschnoj/Wijk-A/1992/CBM-28/VC in ähnlicher Stellung.} 10. O-O (10. h4
$5 Be7 11. g3 {/\ Kf1-g2}) 10... Be7 11. Ne3 $1 g5 12. Nxf5 exf5 13. h4 $1 g4
14. Ng5 Qb6 15. Be3 f4 $1 16. Bxf4 Qxd4 $15 17. Qc1 Rc8 18. Rd1 Qb6 19. Qd2 Be6
20. Nxe6 $6 (20. Kf1 {/\ f3}) 20... fxe6 21. Qd3 Kd7 $1 22. b4 $6 Nxb4 23. Qg3
Rc2 24. Kf1 Rhc8 25. a3 Rxe2 $1 $19 26. Kxe2 $6 (26. axb4 Qb5 27. Kg1 Rcc2 $19)
26... Qb5+ 27. Rd3 (27. Ke1 Nc2+ 28. Kd2 Nxa1 $19) 27... Bxh4 0-1

[Event "Politiken Cup 18th"]
[Site "Copenhagen"]
[Date "1996.??.??"]
[Round "5"]
[White "Kogan, Artur"]
[Black "Glek, Igor Vladimirovich"]
[Result "0-1"]
[WhiteElo "2485"]
[BlackElo "2635"]
[Annotator "Knaak,R"]
[PlyCount "72"]
[EventDate "1996.06.??"]
[EventType "swiss"]
[EventRounds "11"]
[EventCountry "DEN"]
[SourceTitle "CBM 054"]
[Source "ChessBase"]
[SourceDate "1996.10.01"]
[SourceVersion "1"]
[SourceVersionDate "1996.10.01"]
[SourceQuality "1"]

1. e4 e6 2. d4 d5 3. e5 c5 4. Nf3 Nc6 5. Bd3 cxd4 6. O-O f6 7. Qe2 Qc7 8. Bf4
g5 9. Bg3 g4 10. Nh4 f5 11. Nd2 $6 (11. f3) 11... Bh6 12. Nxf5 $6 (12. f4 $13 {
Das ist nicht das, was Weiß haben möchte, aber spielbar.}) 12... exf5 13. e6
Qg7 $1 (13... f4 14. Bh4 $13) 14. Bxf5 Qg5 {[%cal Rg5f5,Rg5d2] Damit ist die
weiße Kombination eigentlich widerlegt.} 15. Be5 $5 Nxe5 16. Qxe5 Qf6 17. Qxf6
Nxf6 {Die Damen sind vom Brett und Weiß hat eine fast spielbare Stellung
erhalten.} 18. Nb3 O-O 19. Nxd4 Bg7 $1 20. Nb5 (20. c3 Ne4 21. Bxg4 Bxd4 22.
cxd4 Re8 $17) (20. Rad1 Ne8 21. Bxg4 Rf4 $19) 20... Ne8 21. Bxg4 a6 22. Nc3
Bxc3 23. bxc3 Nc7 24. Rad1 Re8 25. c4 $6 (25. Rfe1 Bxe6 26. Bxe6+ Nxe6 27. Rxd5
Nf4 28. Rxe8+ Rxe8 29. Rg5+ Kf7 30. Kf1 Kf6 $17) 25... dxc4 26. Bh5 Rxe6 $19
27. Rd8+ Kg7 28. f4 Rh6 29. Re1 Ne6 30. Rd5 Nxf4 31. Re7+ Kf6 32. Rf7+ Ke6 33.
Rd8 Nxh5 34. Rff8 Nf6 35. Rxc8 Rxc8 36. Rxc8 Kd5 0-1

[Event "Belgrade GMA op"]
[Site "Belgrade"]
[Date "1988.??.??"]
[Round "?"]
[White "Tan, Chengxuan"]
[Black "Legky, Nikolay A"]
[Result "0-1"]
[WhiteElo "2300"]
[BlackElo "2380"]
[Annotator "Knaak,R"]
[PlyCount "112"]
[EventDate "1988.12.??"]
[EventType "swiss"]
[EventRounds "9"]
[EventCountry "YUG"]
[SourceTitle "TD"]
[Source "ChessBase"]
[SourceDate "1994.03.01"]
[SourceVersion "1"]
[SourceVersionDate "1994.03.01"]
[SourceQuality "1"]

1. e4 e6 2. d4 d5 3. e5 c5 4. c3 Nc6 5. Nf3 Nge7 6. Na3 Nf5 7. Nc2 cxd4 8. cxd4
Qb6 9. Be2 Bb4+ 10. Kf1 Be7 11. g4 Nh4 12. Nxh4 Bxh4 13. Kg2 f6 14. f4 (14.
exf6 Bxf6 15. Be3 Qd8 16. Qd2 Bd7 17. b4 h6 18. Bd3 Rc8 19. f4 Be7 20. Rhf1 O-O
21. g5 Bd6 22. Qe2 Ne7 23. gxh6 Nf5 24. hxg7 Rf7 {0-1 (41) Hall,R-Perkins,A/
BCF-ch 1973}) 14... fxe5 15. fxe5 O-O 16. b3 Bd7 17. Be3 Ne7 18. Qd2 Bb5 19.
Rhf1 Ng6 20. Rxf8+ Rxf8 21. Rf1 Rc8 22. Bxb5 Qxb5 23. Nb4 Qa5 24. Rd1 Be7 25.
Nd3 Nh4+ 26. Kg3 Rf8 27. Ne1 Qa6 28. Bg5 Bxg5 29. Qxg5 Ng6 30. Qd2 Qf1 31. h3
Nf4 32. Ng2 Ne2+ 33. Kh2 Qf2 34. Qe3 Qxe3 35. Nxe3 Rf2+ 36. Ng2 Kf7 37. Rd2 Kg6
38. a4 a5 39. Rb2 Kg5 40. Rc2 g6 41. Rb2 h5 42. gxh5 gxh5 43. b4 axb4 44. a5
Kf5 45. Rd2 Ke4 46. h4 b3 47. Rb2 Kxd4 48. Rxb3 Nf4 49. Kg3 Rxg2+ 50. Kxf4 Rg4+
51. Kf3 Kxe5 52. Rxb7 Rxh4 53. a6 Ra4 54. a7 Ra3+ 55. Kg2 h4 56. Rh7 h3+ 0-1

[Event "Linares zt"]
[Site "Linares"]
[Date "1995.??.??"]
[Round "1"]
[White "Hodgson, Julian M"]
[Black "Sharif, Mershad"]
[Result "1/2-1/2"]
[WhiteElo "2590"]
[BlackElo "2465"]
[Annotator "Knaak,R"]
[PlyCount "92"]
[EventDate "1995.11.??"]
[EventType "swiss"]
[EventRounds "11"]
[EventCountry "ESP"]
[SourceTitle "CBM 051"]
[Source "ChessBase"]
[SourceDate "1996.04.01"]
[SourceVersion "1"]
[SourceVersionDate "1996.04.01"]
[SourceQuality "1"]

1. d4 e6 2. e4 d5 3. e5 c5 4. c3 Nc6 5. Nf3 Bd7 6. a3 f6 7. Bd3 cxd4 8. cxd4
Nh6 9. O-O Nf7 {In CBM 29 lobte ich den schwarzen Spielplan sehr und versah
diese Stellung mit einem =/+. Das ist wohl übertrieben, denn Weiß muß nun
keineswegs 10.exf6 spielen.} 10. Re1 $1 (10. exf6 $6 Qxf6 (10... gxf6 $5) 11.
Be3 Bd6 12. Nc3 O-O {Daß ich hier Schwarz bevorzuge, ist vielleicht auch nur
subjektiv begründet.}) 10... Be7 (10... fxe5 11. dxe5 g6 {Das wäre der ideale
Aufbau für Schwarz, aber...} 12. Nc3 Bg7 (12... Qe7 13. Nb5) 13. Nxd5 $1 exd5
14. e6 O-O $14) (10... g6 11. exf6 Qxf6 12. Qb3 $13) 11. Nc3 O-O 12. Qc2 f5 13.
Nxd5 (13. Bxf5 exf5 14. e6 Bxe6 15. Rxe6 Qd7 16. Re2 Bf6 $10) 13... exd5 14. e6
Bxe6 15. Rxe6 g6 {Das Läuferpaar und die scheinbar etwas geschwächte schwarze
Bauernstellung scheinen den Anziehenden zu favorisieren. Er muß aber den Pd4
verteidigen, was eine Umgruppierung des Nf3 erschwert. Bleibt der N aber auf
f3 stehen, so droht Schwarz früher oder später einen N auf e4 zu plazieren.}
16. b4 (16. g4 $2 fxg4 17. Bxg6 gxf3 18. Bxh7+ Kh8 $19) 16... Qd7 17. Re1 Bf6
18. Bb2 Rfe8 19. b5 Na5 20. Qa4 (20. Nd2 {war die Möglichkeit zur
Umgruppierung, aber warum sollte Weiß eigentlich besser stehen?}) 20... b6 21.
Bc3 Rxe1+ 22. Rxe1 Qc7 23. Bd2 (23. Bxa5 bxa5 24. Qb3 Rd8 $10) 23... Nc4 (23...
Nd6 24. Bf4 (24. Re6 Kf7) (24. Bg5 Bxg5 25. Nxg5 Qc3 26. Qb4 Qxb4 27. axb4 Nac4
$10) 24... Qc3 25. Bxd6 Qxd3 $13) 24. Bc1 $6 (24. Bxc4 $5 Qxc4 (24... dxc4 $2
25. Re6 $16) 25. Qxc4 dxc4 26. Re6 Bg7 27. Rc6 Rd8 28. Rxc4 Nd6 29. Rb4 {
läßt sich der Mehrbauer kaum verwerten. Nach dem Textzug gewinnt Schwarz
Oberwasser.}) 24... Rc8 25. g3 Qd7 26. Qb4 Nfd6 {/\ Ne4-/+} 27. Ne5 Nxe5 28.
dxe5 Bxe5 29. Rxe5 Rxc1+ 30. Kg2 Rc5 $17 31. Qh4 {/\ Re7} Kf8 (31... Nc8 $2 32.
Bxf5 $1 gxf5 33. Qg5+ Qg7 (33... Kh8 34. Qf6+ Kg8 35. Rxf5 $18) 34. Qd8+ Kf7 (
34... Qf8 35. Re8 $18) 35. Qe8+ Kf6 36. Qe6+ Kg5 37. Qxf5+ Kh6 38. Qh5#) 32. a4
Nf7 33. Re1 d4 34. Kg1 (34. Qxh7 Rc3 35. Bf1 d3 36. Qxg6 d2 37. Rd1 Qd5+ 38.
Kg1 Rc1) 34... Rc3 35. Bf1 Qd6 36. Rd1 d3 37. Qf4 Qxf4 38. gxf4 Rc4 (38... Nd8
$5 {/\ Ne6xf4}) 39. Rxd3 Rxf4 (39... Rxa4 40. Rd7 Ke8 41. Rc7 h6 $17) 40. a5 $1
Ke7 41. Rc3 Rd4 42. axb6 axb6 43. Rc6 Rd6 44. Rc7+ Rd7 (44... Kf6 $1 {Es ist
unklar, warum Schwarz ins Remis einwilligt.}) 45. Rc6 Rd6 46. Rc7+ Rd7 $17
1/2-1/2

[Event "NED-ch51"]
[Site "Amsterdam"]
[Date "1996.06.18"]
[Round "10"]
[White "Hendriks, Willy"]
[Black "Piket, Jeroen"]
[Result "0-1"]
[WhiteElo "2425"]
[BlackElo "2570"]
[Annotator "Knaak,R"]
[PlyCount "60"]
[EventDate "1996.06.07"]
[EventType "tourn"]
[EventRounds "11"]
[EventCountry "NED"]
[EventCategory "11"]
[SourceTitle "CBM 054"]
[Source "ChessBase"]
[SourceDate "1996.10.01"]
[SourceVersion "1"]
[SourceVersionDate "1996.10.01"]
[SourceQuality "1"]

1. e4 e6 2. d4 d5 3. e5 c5 4. c3 Nc6 5. Nf3 Bd7 6. Be2 Nge7 7. Na3 cxd4 8. cxd4
Nf5 9. Nc2 Qb6 10. O-O a5 11. g4 Nfe7 12. Be3 $2 (12. Nh4 Ng6 13. Ng2 Be7 14.
f4 $13) 12... h5 $1 {Auf 12.Nfe1 wird 12...h5 sogar als Opfer gespielt, da muß
es hier erst recht gut sein.} 13. h3 Rc8 14. Bd3 hxg4 15. hxg4 Na7 16. Ng5 (16.
Nfe1 $5) 16... Bb5 17. Ne1 (17. Rb1 $5 {/\ f4}) 17... Nec6 {Der von Weiß
eingeschlagene Weg mit g4 macht es mehr oder weniger zwingend erforderlich,
f2-f4 folgen zu lassen; sonst können keine reellen Drohungen am Königsflügel
kreiert werden. Der folgende Damenzug verhindert den fP-Vorstoß natürlich für
längere Zeit.} 18. Qf3 $6 (18. f4 $6 Bxd3 (18... Nxd4 19. Bxb5+ Naxb5 20. a4
Bc5 21. axb5 f6) 19. Nxd3 Nxd4) 18... Nd8 19. Rd1 Be7 $17 20. Nh3 Ndc6 21. Bxb5
Nxb5 22. Nc2 a4 23. Nf4 g6 24. Ne2 Na5 25. Ne1 Rc4 26. b3 $6 {In seiner Not
versucht es Weiß mit Taktik, wird aber taktisch widerlegt.} axb3 27. axb3 Nxb3
28. Rb1 N3xd4 $1 29. Bxd4 Nxd4 30. Rxb6 Nxf3+ (30... Nxf3+ 31. Nxf3 Rxg4+ 32.
Ng3 Bc5 $19 {[%cal Rg4g3]}) 0-1

[Event "Hastings 9495"]
[Site "Hastings"]
[Date "1994.??.??"]
[Round "2"]
[White "Nunn, John DM"]
[Black "Luther, Thomas"]
[Result "1/2-1/2"]
[WhiteElo "2625"]
[BlackElo "2510"]
[Annotator "Knaak,R"]
[PlyCount "84"]
[EventDate "1994.12.??"]
[EventType "tourn"]
[EventRounds "9"]
[EventCountry "ENG"]
[EventCategory "9"]
[SourceTitle "CBM 045"]
[Source "ChessBase"]
[SourceDate "1995.04.01"]
[SourceVersion "1"]
[SourceVersionDate "1995.04.01"]
[SourceQuality "1"]

1. e4 e6 2. d4 d5 3. e5 c5 4. c3 Nc6 5. Nf3 Bd7 6. Be2 Nh6 7. O-O cxd4 8. cxd4
Nf5 9. Nc3 Rc8 {Schwarz spielt nicht 9...Be7 wegen 10.g4+/=} 10. a3 a6 {
Noch ein Wartezug. Another waiting move.} 11. Be3 (11. Kh1 $5) 11... Be7 12.
Bd3 Nxe3 13. fxe3 O-O 14. Rc1 (14. e4 dxe4 15. Bxe4 (15. Nxe4 Qb6 $15) 15... f5
16. exf6 Bxf6 $10 17. d5 $6 Qb6+ 18. Kh1 Qxb2 $1 19. dxc6 Bxc6 20. Bxc6 Rxc6
21. Ne4 Qxa1 22. Qxa1 Bxa1 23. Rxa1 Rfc8 $17) 14... f5 15. exf6 Bxf6 16. Kh1 g6
$1 17. Bb1 Bg7 18. Na4 Rc7 19. Nc5 Bc8 20. Qa4 e5 $15 {^^} 21. Ba2 Kh8 22. dxe5
Nxe5 23. Nxe5 Bxe5 24. Nd3 Rxc1 25. Rxc1 Qf6 26. Rg1 b5 $1 27. Qb4 (27. Qc2 $2
Bxh2 $1 $19) 27... Bd6 $1 (27... a5 28. Qe1 $10) 28. Qd4 Bf5 29. Qxf6+ Rxf6 30.
Nb4 Bxb4 31. axb4 Be4 32. Bb1 $8 Rf2 (32... Re6 $1 33. Bxe4 Rxe4 34. Ra1 Rxe3
35. Kg1 Re6 36. Kf2 Kg7 37. Rd1 Re4 38. Rxd5 Rxb4 $19) 33. Bxe4 dxe4 34. Ra1 $1
Rxb2 $2 (34... Re2 35. Kg1 Rxe3 36. Rxa6 Rb3 $17) 35. Kg1 $10 Rxb4 36. Rxa6
Rb1+ (36... Rb2 37. Re6 b4 38. Rxe4 b3 39. Rb4 Kg7 $15) 37. Kf2 b4 38. Re6 Kg7
39. Rxe4 Kf6 40. h3 b3 41. Rb4 Ke5 42. Rb7 h5 1/2-1/2